01158nam a2200229 a 4500003000900000005001700009008004100026040001300067100002100080245003900101260006800140300001600208500025800224500027400482650002100756650002900777650003800806650001400844651001400858700002300872700003300895AR-BaBNM20251128204652.0082120s2002 ||||||||||||||000 | spa|| cAR-BaBNM1 aHerrera, Matilde00aIdentidadbdespojo y restitución aBuenos AiresbContrapuntobAbuelas de Plaza de Mayoc[ca. 1985] a336 p.bil. aAnexo documental: Niños desaparecidos no localizados - Lista parcial de jóvenes que fueron secuestradas embarazadas y cuyos bebés pudieron haber nacido en cautiverio - Niños desaparecidos que fueron asesinados - Niños localizados : p. 309- 329 aObservaciones finales del informe sobre la situación de niños desaparecidos por Theo Van Boven para la Subcomisión de Prevención de Discriminaciones y Protección a las Minorías de la Comisión de Derechos Humanos de la Organización de las Naciones Unidas 4aDERECHOS HUMANOS 4aDESAPARICION DE PERSONAS 4aVIOLACION DE LOS DERECHOS HUMANOS 4aIDENTIDAD 4aArgentina1 aTenembaum, Ernesto1 aBoven, Theo vaneprologuista